000 00973nam a2200253 i 4500
001 18531
003 ES-MaACL
005 20230906151848.0
007 t|
008 020129s1995 sp ||||0| spa j
020 _a84-605-3290-9
040 _aM-BN
_bspa
_cM-BN
080 _a711.4.011(460.27 M.)
080 _a711.61(460.27 M.)
245 0 3 _aLa plaza de Oriente: una batalla útil
_b: proyecto de reforma presentado por 262 autores al concurso promovido por el Excmo. Ayuntamiento de Madrid, junio de 1994 /
_c[coordinadores de la edición, Javier García-G. Mosteiro, Eloy Minguito Lobos].
260 _aMadrid :
_bClub de Debates Urbanos,
_c1995.
300 _a91 p., [4] p. de plan ;
_c21 cm.
651 4 _aUrbanismo-
_zMadrid-
_xProyectos.
_9197799
651 4 _aPlazas-
_zMadrid.
_9183088
700 1 _aGarcía Gutiérrez-Mosteiro, Javier.
_9149823
700 1 _aMinguito Lobos, Eloy.
_981359
852 _aES-MaACL
_jG-1306
_bR.130994
999 _c18531
_d18531